LDR 01021naa#a2200169#i#450# 001 RU\\bibl\118348 005 20260605000717.5 011 ## _a2224-6789 100 ## _a20260401b2026####ek#y0rusy0150####ca 102 ## _aRU 200 1# _aРАННЕЕ ИНЖЕНЕРНОЕ ТВОРЧЕСТВО: НАЧАЛЬНЫЙ ЭТАП ФОРМИРОВАНИЯ ОСНОВ ИНЖЕНЕРНОГО МЫШЛЕНИЯ _eЖурнальная статья 210 1# _aМосква _cНегосударственное образовательное учреждение высшего профессионального образования Российская международная академия туризма _d2026 215 ## _a12 с. 608 ## _aЖурнальная статья _2local 675 ## _aОсновы воспитания, образования и обучения (материальные, теоретические, философские и т.п.). 37.01 _z 700 #1 _aКАРПУШИН _gН. Я. 856 4# _avestnik-rmat.editorum.ru _u